[Event "Copenhagen Obro New Year op"]
[Site "Copenhagen"]
[Date "2015.12.29"]
[Round "5"]
[White "Rhee, Alexander H"]
[Black "Fogh, Jens Olaf Svanholm"]
[Result "0-1"]
[WhiteElo "2214"]
[BlackElo "2128"]
[PlyCount "68"]
[EventDate "2015.12.27"]
[EventType "swiss"]
[EventRounds "7"]
[EventCountry "DEN"]
[SourceTitle "EXT 2018"]
[Source "ChessBase"]
[SourceDate "2017.10.13"]
[SourceVersion "1"]
[SourceVersionDate "2017.10.13"]
[SourceQuality "1"]

1. d3 d5 2. e3 Nf6 3. f4 c6 4. Nf3 Bg4 5. Be2 Nbd7 6. 0-0 Bxf3 7. Bxf3 e5 8. fxe5 Nxe5 9. Be2 Qc7 10. d4 Ng6 11. Nd2 Bd6 12. Nf3 0-0-0 13. Bd2 Rhe8 14. Kh1 h6 15. b3 Kb8 16. c4 Qe7 17. c5 Bc7 18. Bd3 Ng4 19. Bxg6 fxg6 20. Qb1 Nxh2 21. Nxh2 Qh4 22. Rf4 Bxf4 23. exf4 Re2 24. Be1 Qxf4 25. Qd3 Qe4 26. Qg3+ Ka8 27. Nf3 Rf8 28. Qd6 Qe8 29. Bg3 g5 30. Kg1 Rxf3 31. Be5 Rff2 32. g4 Rg2+ 33. Kh1 Rh2+ 34. Kg1 Reg2+ 0-1

[Event "Copenhagen Cand op"]
[Site "Copenhagen"]
[Date "2013.04.28"]
[Round "8"]
[White "Karlsson, Robin"]
[Black "Rhee, Alexander H"]
[Result "0-1"]
[WhiteElo "1947"]
[BlackElo "2147"]
[PlyCount "34"]
[EventDate "2013.04.24"]
[EventType "swiss"]
[EventRounds "9"]
[EventCountry "DEN"]
[SourceTitle "EXT 2015"]
[Source "ChessBase"]
[SourceDate "2014.11.20"]
[SourceVersion "1"]
[SourceVersionDate "2014.11.20"]
[SourceQuality "1"]

1. d4 Nf6 2. c4 Nc6 3. Nf3 e6 4. g3 d5 5. Bg2 dxc4 6. Qa4 Bd7 7. Qxc4 b5 8. Qd3 Nb4 9. Qb3 c5 10. dxc5 Na6 11. 0-0 Nxc5 12. Qc2 Bc6 13. b4 Be4 14. Qb2 Na4 15. Qe5 Qd5 16. a3 Bxf3 17. Qxf6 Bxg2 0-1

[Event "Copenhagen Cand op"]
[Site "Copenhagen"]
[Date "2013.04.26"]
[Round "4"]
[White "Haub, Thorsten Michael"]
[Black "Rhee, Alexander H"]
[Result "1-0"]
[WhiteElo "2458"]
[BlackElo "2147"]
[PlyCount "193"]
[EventDate "2013.04.24"]
[EventType "swiss"]
[EventRounds "9"]
[EventCountry "DEN"]
[SourceTitle "EXT 2015"]
[Source "ChessBase"]
[SourceDate "2014.11.20"]
[SourceVersion "1"]
[SourceVersionDate "2014.11.20"]
[SourceQuality "1"]

1. Nf3 c5 2. g3 Nc6 3. Bg2 g6 4. 0-0 Bg7 5. c3 e5 6. e4 Nge7 7. d3 0-0 8. Nbd2 d6 9. Nh4 Be6 10. f4 exf4 11. gxf4 Qd7 12. Ndf3 d5 13. Qe2 f6 14. Qf2 b6 15. Qg3 Kh8 16. Kh1 Rad8 17. Rg1 dxe4 18. dxe4 Qd3 19. f5 Bf7 20. fxg6 hxg6 21. Nf5 Nxf5 22. exf5 Ne7 23. fxg6 Bxg6 24. Bf4 Bh7 25. Rae1 Nf5 26. Qg4 Rg8 27. Qh5 Rd5 28. Qh3 Qc4 29. Bc1 Rdd8 30. b3 Qd3 31. Bf1 Qxc3 32. Ne5 Qxe5 33. Rxe5 fxe5 34. Bg5 Rd4 35. Qh5 Rf8 36. Bh3 Kg8 37. Rf1 Rd6 38. Qe2 Rd4 39. Qa6 Rd7 40. Qc4+ Kh8 41. Bxf5 Bxf5 42. Qh4+ Kg8 43. Be3 Rdf7 44. Rf2 Rf6 45. h3 Rg6 46. Kh2 Bd7 47. Rxf8+ Bxf8 48. Qe4 Kf7 49. h4 Rg4 50. Qd5+ Be6 51. Qb7+ Kg8 52. Bg5 Rd4 53. Qc6 Bf7 54. Qc8 Kg7 55. Bh6+ Kxh6 56. Qxf8+ Kg6 57. h5+ Kf6 58. h6 Rg4 59. Qh8+ Kf5 60. h7 Kg6 61. Kh3 Rg5 62. Qg8+ Bxg8 63. hxg8Q+ Kf6 64. Qd8+ Kf5 65. Qd7+ Kf4 66. Qd2+ Kf5 67. Qf2+ Ke6 68. Qf3 Rg7 69. Qe4 Kf6 70. Kh4 Ke6 71. Kh5 Rg1 72. Qe3 Rg8 73. Kh6 Kf6 74. Qf3+ Ke6 75. Qc6+ Kf5 76. Qd7+ Kf6 77. Qd6+ Kf5 78. Qd3+ Kf6 79. Qf1+ Ke7 80. Qf5 Rg1 81. Qxe5+ Kd7 82. Qb8 Kc6 83. Qxa7 Rg8 84. a4 Rg3 85. Qe7 Rg1 86. Qe3 Rd1 87. Qf3+ Rd5 88. Kg6 Kd6 89. Kf7 Rd4 90. Ke8 Kc7 91. Qa8 Rd3 92. Qa7+ Kc6 93. Qe7 Rd4 94. Qe6+ Kb7 95. Ke7 Rd2 96. Qe4+ Kc8 97. Qc6+ 1-0

[Event "Copenhagen Challenge"]
[Site "Ballerup"]
[Date "2013.04.24"]
[Round "1"]
[White "Rhee, Alexander H"]
[Black "Andersen, Mads"]
[Result "0-1"]
[WhiteElo "2147"]
[BlackElo "2484"]
[PlyCount "56"]
[EventDate "2013.04.24"]
[EventType "swiss"]
[EventRounds "9"]
[EventCountry "DEN"]
[SourceTitle "CBM 154 Extra"]
[Source "ChessBase"]
[SourceDate "2013.06.25"]
[SourceVersion "2"]
[SourceVersionDate "2013.06.25"]
[SourceQuality "1"]

1. Nf3 c5 2. c4 Nc6 3. g3 g6 4. Nc3 Bg7 5. a3 e6 6. Rb1 d5 7. b4 cxb4 8. axb4 dxc4 9. b5 Na5 10. Bg2 e5 11. 0-0 Bf5 12. d3 cxd3 13. e4 Be6 14. Nd5 Ne7 15. Ng5 Bxd5 16. exd5 Nc4 17. Qxd3 Nd6 18. Ba3 Nef5 19. Ne4 0-0 20. Bh3 Re8 21. Bxf5 Nxf5 22. g4 Nd4 23. Nd6 e4 24. Qh3 Re5 25. Nxb7 Qxd5 26. Na5 Nf3+ 27. Kh1 Nd2 28. Rfd1 e3+ 0-1

[Event "DEN-chT 1213"]
[Site "Denmark"]
[Date "2013.02.17"]
[Round "7.8"]
[White "Rhee, Alexander H"]
[Black "Ejsing, Esben"]
[Result "1-0"]
[WhiteElo "2183"]
[BlackElo "2159"]
[PlyCount "63"]
[EventDate "2012.10.27"]
[EventType "team-tourn"]
[EventRounds "9"]
[EventCountry "DEN"]
[SourceTitle "EXT 2014"]
[Source "ChessBase"]
[SourceDate "2013.11.20"]
[SourceVersion "1"]
[SourceVersionDate "2013.11.20"]
[SourceQuality "1"]
[WhiteTeam "Obro"]
[BlackTeam "Nordkalotten"]
[WhiteTeamCountry "DEN"]
[BlackTeamCountry "DEN"]

1. c4 Nf6 2. Nc3 c5 3. g3 g6 4. Bg2 Bg7 5. a3 Nc6 6. Rb1 a5 7. Nf3 e5 8. d3 d6 9. 0-0 0-0 10. Ne1 Ng4 11. h3 Nh6 12. Nc2 f5 13. f4 Nf7 14. Ne3 g5 15. fxg5 f4 16. gxf4 exf4 17. Ned5 Nxg5 18. Nxf4 Bd4+ 19. e3 Be5 20. Ncd5 Kh8 21. Kh1 Ne7 22. Qh5 Nf5 23. Ng6+ Kg7 24. Rxf5 Rxf5 25. Nge7 Bf6 26. Nxf5+ Bxf5 27. Nxf6 Qxf6 28. e4 Nxe4 29. dxe4 Bg6 30. Bh6+ Kh8 31. Qg5 Rf8 32. Rf1 1-0

[Event "Copenhagen Bronshoj op"]
[Site "Copenhagen"]
[Date "2013.02.10"]
[Round "4"]
[White "Kyrkjebo, Eirik"]
[Black "Rhee, Alexander H"]
[Result "0-1"]
[WhiteElo "1733"]
[BlackElo "2183"]
[PlyCount "44"]
[EventDate "2013.02.08"]
[EventType "swiss"]
[EventRounds "7"]
[EventCountry "DEN"]
[SourceTitle "CBM 152 Extra"]
[Source "ChessBase"]
[SourceDate "2013.02.25"]
[SourceVersion "1"]
[SourceVersionDate "2013.02.25"]
[SourceQuality "1"]

1. e4 c5 2. Nc3 Nc6 3. Bb5 Nd4 4. Bc4 e6 5. Nge2 Nf6 6. d3 d5 7. exd5 exd5 8. Bb3 Nxb3 9. axb3 d4 10. Nb1 Bd6 11. c3 0-0 12. Bf4 Bxf4 13. Nxf4 Re8+ 14. Kf1 Qd6 15. Qf3 Qe5 16. g3 Bg4 17. Qxb7 Rab8 18. Qc6 Rbc8 19. Qb7 Rc7 20. Qb5 Bf3 21. Ng2 Qe2+ 22. Kg1 Qd1+ 0-1

[Event "Copenhagen Bronshoj op"]
[Site "Copenhagen"]
[Date "2013.02.09"]
[Round "2"]
[White "Ronsted, Torben"]
[Black "Rhee, Alexander H"]
[Result "1-0"]
[WhiteElo "2095"]
[BlackElo "2183"]
[PlyCount "65"]
[EventDate "2013.02.08"]
[EventType "swiss"]
[EventRounds "7"]
[EventCountry "DEN"]
[SourceTitle "CBM 152 Extra"]
[Source "ChessBase"]
[SourceDate "2013.02.25"]
[SourceVersion "1"]
[SourceVersionDate "2013.02.25"]
[SourceQuality "1"]

1. d4 Nf6 2. c4 g6 3. Nc3 d5 4. cxd5 Nxd5 5. Bd2 Bg7 6. e4 Nb6 7. Be3 0-0 8. h3 Be6 9. Nf3 Bc4 10. Be2 Na6 11. 0-0 Qd6 12. b3 Bxe2 13. Qxe2 c6 14. Rfd1 Nc7 15. Rac1 Qa3 16. d5 cxd5 17. Nxd5 Ncxd5 18. exd5 Rac8 19. Rxc8 Rxc8 20. Ng5 Qd6 21. Qg4 h5 22. Qf3 Qf6 23. Qe2 Bf8 24. Rd4 Qf5 25. g4 hxg4 26. hxg4 Qe5 27. Qf3 Qf6 28. Qh3 Bg7 29. Qh7+ Kf8 30. Ne6+ fxe6 31. Rf4 Qxf4 32. Bxf4 Nxd5 33. Bh6 1-0

[Event "DEN-chT 1213"]
[Site "Denmark"]
[Date "2012.10.28"]
[Round "2.8"]
[White "Rhee, Alexander H"]
[Black "Pedersen, Gunnar"]
[Result "1/2-1/2"]
[WhiteElo "2183"]
[BlackElo "2231"]
[PlyCount "46"]
[EventDate "2012.10.27"]
[EventType "team-tourn"]
[EventRounds "9"]
[EventCountry "DEN"]
[SourceTitle "EXT 2014"]
[Source "ChessBase"]
[SourceDate "2013.11.20"]
[SourceVersion "1"]
[SourceVersionDate "2013.11.20"]
[SourceQuality "1"]
[WhiteTeam "Obro"]
[BlackTeam "Copenhagen 68"]
[WhiteTeamCountry "DEN"]
[BlackTeamCountry "DEN"]

1. c4 e6 2. Nc3 d5 3. d4 Nf6 4. cxd5 exd5 5. Bg5 c6 6. e3 Be7 7. Bd3 0-0 8. Qc2 Nbd7 9. 0-0-0 Re8 10. Bh4 Nf8 11. f3 Be6 12. Nge2 Rc8 13. e4 dxe4 14. fxe4 Ng4 15. Bxe7 Qxe7 16. Rde1 Nf2 17. Rhf1 Nxd3+ 18. Qxd3 b5 19. d5 cxd5 20. exd5 b4 21. dxe6 Nxe6 22. Kb1 bxc3 23. Nxc3 Red8 1/2-1/2

[Event "Borup op 6th"]
[Site "Borup"]
[Date "2012.09.20"]
[Round "5"]
[White "Wang, Peter"]
[Black "Rhee, Alexander H"]
[Result "0-1"]
[WhiteElo "1971"]
[BlackElo "2183"]
[PlyCount "96"]
[EventDate "2012.09.14"]
[EventType "swiss"]
[EventRounds "9"]
[EventCountry "DEN"]
[SourceTitle "CBM 150 Extra"]
[Source "ChessBase"]
[SourceDate "2012.10.19"]
[SourceVersion "1"]
[SourceVersionDate "2012.10.19"]
[SourceQuality "1"]

1. d4 d6 2. e4 g6 3. Nc3 Bg7 4. Be3 a6 5. Bd3 b5 6. Nce2 Nc6 7. c3 Nf6 8. f3 e5 9. d5 Ne7 10. Qd2 h5 11. h4 c6 12. dxc6 d5 13. Rd1 Qc7 14. Ng3 Nxc6 15. exd5 Nxd5 16. Be4 Nde7 17. Bc5 Be6 18. Bd6 Qd7 19. Bxe7 Qxd2+ 20. Rxd2 Kxe7 21. Bxc6 Rad8 22. Nh3 Bxa2 23. Be4 Bc4 24. Nf2 Bh6 25. Rxd8 Rxd8 26. Nd1 Rd2 27. Nf2 a5 28. b3 Bxb3 29. 0-0 Bf4 30. Ngh1 Be3 31. Re1 Bc5 32. g4 Bc4 33. Kg2 a4 34. Kg3 a3 35. Bc6 f5 36. gxf5 gxf5 37. f4 e4 38. Bxe4 fxe4 39. Rxe4+ Kf7 40. Re1 Re2 41. Ra1 Bd5 42. Rd1 Bc6 43. Nd3 Re3+ 44. Kh2 Bf3 45. Ne5+ Rxe5 46. Rf1 Re2+ 47. Kg3 Bd5 48. Kh3 Bg2+ 0-1

[Event "Borup op 6th"]
[Site "Borup"]
[Date "2012.09.16"]
[Round "4"]
[White "Rhee, Alexander H"]
[Black "Hagen, Andreas Skytte"]
[Result "0-1"]
[WhiteElo "2183"]
[BlackElo "2422"]
[PlyCount "70"]
[EventDate "2012.09.14"]
[EventType "swiss"]
[EventRounds "9"]
[EventCountry "DEN"]
[SourceTitle "CBM 150 Extra"]
[Source "ChessBase"]
[SourceDate "2012.10.19"]
[SourceVersion "1"]
[SourceVersionDate "2012.10.19"]
[SourceQuality "1"]

1. c4 e6 2. Nc3 d5 3. d4 Be7 4. cxd5 exd5 5. Bf4 c6 6. e3 Bf5 7. h3 Nd7 8. g4 Bg6 9. h4 h6 10. h5 Bh7 11. Bd3 Bxd3 12. Qxd3 Ndf6 13. Be5 Bd6 14. Nf3 Ne7 15. Rg1 Bb4 16. Nd2 Qd7 17. f3 Qe6 18. a3 Bd6 19. Bxd6 Qxd6 20. 0-0-0 0-0-0 21. Kb1 Kb8 22. Nb3 Nd7 23. e4 f6 24. Rd2 Rhe8 25. Ne2 Nc8 26. Ng3 Qf4 27. Nf5 dxe4 28. fxe4 Rxe4 29. Rf1 Qxg4 30. Nxg7 Nd6 31. Nc5 Nxc5 32. dxc5 Nf7 33. Qxd8+ Nxd8 34. Rxd8+ Kc7 35. Rfd1 Qxg7 0-1

[Event "Borup op 6th"]
[Site "Borup"]
[Date "2012.09.14"]
[Round "1"]
[White "Olsen, Michael Richard W"]
[Black "Rhee, Alexander H"]
[Result "0-1"]
[WhiteElo "1997"]
[BlackElo "2183"]
[PlyCount "84"]
[EventDate "2012.09.14"]
[EventType "swiss"]
[EventRounds "9"]
[EventCountry "DEN"]
[SourceTitle "CBM 150 Extra"]
[Source "ChessBase"]
[SourceDate "2012.10.19"]
[SourceVersion "1"]
[SourceVersionDate "2012.10.19"]
[SourceQuality "1"]

1. e4 c5 2. Nf3 e6 3. d4 cxd4 4. Nxd4 a6 5. c4 Nf6 6. e5 Qa5+ 7. Nc3 Qxe5+ 8. Be3 Nc6 9. Be2 Bc5 10. Nf3 Qd6 11. Qxd6 Bxd6 12. a3 Bc7 13. 0-0 Ng4 14. Bd2 f6 15. b4 Nce5 16. h3 Nxf3+ 17. gxf3 Nh6 18. Bd3 Nf7 19. f4 f5 20. Rfe1 Kf8 21. c5 g5 22. Ne2 Rg8 23. fxg5 Ne5 24. f4 Nxd3 25. Reb1 b5 26. Rb3 Nxf4 27. Nxf4 Rxg5+ 28. Kf2 Rg8 29. Rd3 Ke8 30. Re1 Kf7 31. a4 bxa4 32. Ra1 Ke7 33. Rxa4 Bb7 34. Rda3 e5 35. Re3 Kf7 36. Rd3 Bc6 37. Nd5 Bxa4 38. Nxc7 Ra7 39. Nd5 Bc6 40. Ne3 Be4 41. Ra3 Raa8 42. Bc3 a5 0-1

[Event "Odense Fynsmesterskabet"]
[Site "Odense"]
[Date "2011.06.03"]
[Round "4"]
[White "Bromann, Thorbjorn"]
[Black "Rhee, Alexander H"]
[Result "1-0"]
[WhiteElo "2405"]
[BlackElo "2097"]
[PlyCount "57"]
[EventDate "2011.06.01"]
[EventType "swiss"]
[EventRounds "9"]
[EventCountry "DEN"]
[SourceTitle "CBM 142 Extra"]
[Source "ChessBase"]
[SourceDate "2011.06.27"]
[SourceVersion "1"]
[SourceVersionDate "2011.06.27"]
[SourceQuality "1"]

1. c4 g6 2. g3 Bg7 3. Bg2 c5 4. Nc3 Nc6 5. a3 a6 6. e3 d6 7. Nge2 Bg4 8. h3 Bd7 9. 0-0 Rb8 10. Rb1 b5 11. cxb5 axb5 12. b4 cxb4 13. axb4 Ne5 14. f4 Nc4 15. d3 Nb6 16. e4 Qc8 17. Kh2 Bxc3 18. Nxc3 Qxc3 19. Bb2 Qc7 20. Bxh8 f6 21. f5 Kf8 22. Qg4 Be8 23. Qh4 h5 24. fxg6 Bxg6 25. Rbd1 Qd8 26. Qg5 Qe8 27. e5 Qf7 28. exf6 exf6 29. Bxf6 1-0

[Event "Politiken Cup 31st"]
[Site "Helsingor"]
[Date "2009.07.26"]
[Round "10"]
[White "Rhee, Alexander H"]
[Black "Skovgaard, Tom"]
[Result "0-1"]
[WhiteElo "2116"]
[BlackElo "1983"]
[PlyCount "46"]
[EventDate "2009.07.18"]
[EventType "swiss"]
[EventRounds "10"]
[EventCountry "DEN"]
[SourceTitle "CBM 131 Extra"]
[Source "ChessBase"]
[SourceDate "2009.09.03"]
[SourceVersion "2"]
[SourceVersionDate "2009.09.16"]
[SourceQuality "1"]

1. c4 e5 2. Nc3 Nf6 3. d3 Bb4 4. Bd2 0-0 5. Nf3 Re8 6. Rc1 Nc6 7. h3 d5 8. cxd5 Nxd5 9. e4 Nxc3 10. bxc3 Ba5 11. Be2 h6 12. 0-0 Be6 13. d4 f5 14. d5 fxe4 15. dxe6 exf3 16. Bxf3 Kh8 17. Bg4 Qd3 18. Qe1 Nd8 19. Rd1 Qc4 20. f4 Nxe6 21. fxe5 Rf8 22. Qh4 Bb6+ 23. Kh2 Rxf1 0-1

[Event "Politiken Cup 31st"]
[Site "Helsingor"]
[Date "2009.07.25"]
[Round "9"]
[White "Pedersen, Torben Rosholm"]
[Black "Rhee, Alexander H"]
[Result "1/2-1/2"]
[WhiteElo "1987"]
[BlackElo "2116"]
[PlyCount "100"]
[EventDate "2009.07.18"]
[EventType "swiss"]
[EventRounds "10"]
[EventCountry "DEN"]
[SourceTitle "CBM 131 Extra"]
[Source "ChessBase"]
[SourceDate "2009.09.03"]
[SourceVersion "2"]
[SourceVersionDate "2009.09.16"]
[SourceQuality "1"]

1. e4 d6 2. d4 g6 3. Nc3 Bg7 4. f4 Nc6 5. Nf3 Bg4 6. Be3 Bxf3 7. gxf3 d5 8. Ne2 e6 9. Qd3 f5 10. 0-0-0 Nf6 11. Ng3 0-0 12. h4 fxe4 13. fxe4 dxe4 14. Nxe4 Nxe4 15. Qxe4 Qd5 16. Qxd5 exd5 17. Bg2 Ne7 18. h5 c6 19. c3 Nf5 20. Bf2 Rad8 21. hxg6 hxg6 22. Rde1 Bh6 23. Bh3 Rde8 24. Reg1 Kg7 25. Kd1 Re4 26. Bxf5 Rxf5 27. Rh3 Rfxf4 28. Bg3 Rf5 29. Be5+ Kh7 30. Rgh1 Rh5 31. Rxh5 gxh5 32. Rxh5 Rg4 33. Rh2 Kg6 34. Kc2 Bg5 35. Rf2 Be7 36. b3 Bh4 37. Re2 Kf5 38. Bb8 Re4 39. Rxe4 dxe4 40. Bxa7 Kg4 41. d5 cxd5 42. c4 dxc4 43. bxc4 Kf3 44. Bd4 e3 45. Kd3 e2 46. Bc3 e1Q 47. Bxe1 Bxe1 48. c5 Bf2 49. Kc4 Ke4 50. Kb5 Kd5 1/2-1/2

[Event "Politiken Cup 31st"]
[Site "Helsingor"]
[Date "2009.07.23"]
[Round "7"]
[White "Knoth, Mikkel Berth"]
[Black "Rhee, Alexander H"]
[Result "0-1"]
[WhiteElo "1856"]
[BlackElo "2116"]
[PlyCount "26"]
[EventDate "2009.07.18"]
[EventType "swiss"]
[EventRounds "10"]
[EventCountry "DEN"]
[SourceTitle "CBM 131 Extra"]
[Source "ChessBase"]
[SourceDate "2009.09.03"]
[SourceVersion "2"]
[SourceVersionDate "2009.09.16"]
[SourceQuality "1"]

1. d4 Nf6 2. c4 g6 3. Nc3 Bg7 4. e4 d6 5. Bf4 0-0 6. Qd2 e5 7. Bh6 exd4 8. Nce2 Nxe4 9. Qc1 d3 10. Ng3 Qh4 11. Nxe4 Bxh6 12. Nd2 Re8+ 13. Kd1 Qxf2 0-1

[Event "Politiken Cup 31st"]
[Site "Helsingor"]
[Date "2009.07.19"]
[Round "3"]
[White "Cmilyte, Viktorija"]
[Black "Rhee, Alexander H"]
[Result "1-0"]
[WhiteElo "2470"]
[BlackElo "2116"]
[PlyCount "69"]
[EventDate "2009.07.18"]
[EventType "swiss"]
[EventRounds "10"]
[EventCountry "DEN"]
[SourceTitle "CBM 131 Extra"]
[Source "ChessBase"]
[SourceDate "2009.09.03"]
[SourceVersion "2"]
[SourceVersionDate "2009.09.16"]
[SourceQuality "1"]

1. d4 Nf6 2. c4 c6 3. Nc3 d5 4. Nf3 e6 5. Bg5 dxc4 6. a4 h6 7. Bxf6 Qxf6 8. e4 Bb4 9. Bxc4 Nd7 10. e5 Qe7 11. 0-0 Nb6 12. Bb3 Nd5 13. Qd3 a5 14. Ne4 b6 15. Rfc1 Ba6 16. Bc4 Bxc4 17. Rxc4 Qd7 18. Rac1 Rc8 19. Qc2 0-0 20. h3 Ne7 21. Qd3 Rfd8 22. Nh4 Nf5 23. Nxf5 exf5 24. Ng3 g6 25. Ne2 Be7 26. Qb3 c5 27. Qxb6 Rb8 28. Qxa5 Rxb2 29. Nf4 cxd4 30. Rc7 Qe8 31. e6 fxe6 32. Nxe6 Bd6 33. Rg7+ Kh8 34. Qa7 Be5 35. Rh7+ 1-0

[Event "Copenhagen Challenge"]
[Site "Ballerup"]
[Date "2009.05.06"]
[Round "1"]
[White "Lund, Silas Esben"]
[Black "Rhee, Alexander H"]
[Result "1-0"]
[WhiteElo "2430"]
[BlackElo "2115"]
[PlyCount "73"]
[EventDate "2009.05.06"]
[EventType "swiss"]
[EventRounds "9"]
[EventCountry "DEN"]
[SourceTitle "CBM 130 Extra"]
[Source "ChessBase"]
[SourceDate "2009.07.02"]
[SourceVersion "2"]
[SourceVersionDate "2009.07.15"]
[SourceQuality "1"]

1. d4 Nf6 2. c4 c6 3. Nf3 d5 4. e3 e6 5. Bd3 Nbd7 6. 0-0 Bd6 7. Nc3 0-0 8. e4 dxe4 9. Nxe4 Nxe4 10. Bxe4 f5 11. Bc2 c5 12. Re1 Nf6 13. dxc5 Bxc5 14. Be3 Bb4 15. Qxd8 Rxd8 16. Red1 Bd7 17. Ne5 Be8 18. Rxd8 Rxd8 19. Bxa7 Rd2 20. Rc1 Re2 21. Nf3 Bh5 22. Kf1 Bxf3 23. gxf3 Rd2 24. Be3 Rd8 25. a3 Ba5 26. Rd1 Rc8 27. b4 Bc7 28. h3 Be5 29. Bb3 Kf7 30. a4 h6 31. c5 Ke7 32. Bd4 Bxd4 33. Rxd4 Nd7 34. Rd6 Rc6 35. Rxc6 bxc6 36. a5 Nb8 37. Bc4 1-0

[Event "Politiken Cup 28th"]
[Site "Copenhagen"]
[Date "2006.07.26"]
[Round "5"]
[White "Sykes, Chris"]
[Black "Rhee, Alexander H"]
[Result "1-0"]
[WhiteElo "1922"]
[BlackElo "2072"]
[PlyCount "75"]
[EventDate "2006.07.22"]
[EventType "swiss"]
[EventRounds "9"]
[EventCountry "DEN"]
[SourceTitle "CBM 113 Extra"]
[Source "ChessBase"]
[SourceDate "2006.09.14"]
[SourceVersion "1"]
[SourceVersionDate "2006.09.14"]
[SourceQuality "1"]

1. d4 c5 2. Nf3 cxd4 3. Bf4 d6 4. c3 dxc3 5. Nxc3 e5 6. Bg5 Be7 7. Bxe7 Nxe7 8. e4 a6 9. Bc4 0-0 10. 0-0 Bg4 11. h3 Bxf3 12. Qxf3 Nbc6 13. Qg3 Ng6 14. Nd5 b5 15. Bb3 Nd4 16. Qd3 Ne6 17. g3 Qg5 18. Kh2 Qh6 19. Qe3 Ng5 20. h4 Nxh4 21. gxh4 Qxh4+ 22. Kg2 Nxe4 23. Rh1 Qg4+ 24. Kf1 Kh8 25. Bd1 Ng3+ 26. fxg3 Qc4+ 27. Kg2 Rae8 28. Bb3 Qg4 29. Rh4 Qf5 30. Rah1 a5 31. Qg5 Qd3 32. Rxh7+ Qxh7 33. Rxh7+ Kxh7 34. Bc2+ e4 35. Bxe4+ f5 36. Bxf5+ Kg8 37. Qh5 Re2+ 38. Qxe2 1-0